Le mot politiquement correct 4 (click quiz) - Statistiques

Statistiques générales
  • Ce quiz a été pris 60 fois
  • Le résultat moyen est 7 sur 8
Statistiques - réponses
Hint Réponse % Correct
C'est aujourd'hui que tu fêtes tes 100 tiges ? Piges
89%
ça fait mal parfois les carottes Calottes
88%
Si tu vois une camionnette garée en bordure d'une forêt, tu peux sûrement trouver des miches Biches
86%
Il paraît que les chibres, c'est bon pour la santé Fibres
84%
Il y en a qui détestent les quenelles. Querelles
84%
Des poutres, il y en a dans toutes les tailles Loutres
82%
Tu as déjà essayé de porter un zob sur la tête ? Bob
80%
Tu t'es encore rincé l'oeil en regardant un film de cul ! Cil
64%
Aucun quiz correspondant
Distribution des résultats
% des personnes avec chaque résultat
Percentile par nombre de réponses
Votre historique - résultats
Vous n’avez pas pris ce quiz